1142 1195 1948 1374 1725 1842 1105 1384 1520 1926 1190 1549 1864 1093 1847 1098 1149 1446 1397 1244 1856 1312 1924 1786 1789 1587 1124 1186 1567 1099 1178 1402 1490 1424 1668 1008 1754 1484 1016 1120 1982 1784 1843 1094 1249 1823 1391 1755 1073 1768 1848 1265 1097 1278 1018 1920 1106 1106 1673 1359 1394 1349 1407 1666 1283 1221 1210 1732 1235 1422 1409 1253 1045 1466 1560 1640 1007 1739 1092 1896 1839 1506 1603 1356 1248 1091 1120 1173 1705 1884 1464 1218 1512 1887 1361 1981 1899 1248 1724 BCNSPRNW ULIB Ver.6.0+V

เปลี่ยนเป็นภาษาไทย

Change to English
 แสดงรายละเอียดบรรณานุกรม
  กลับหน้าหลัก

Brief Record : Get Marc (ISO 2709) : E-mail record : QR code < ปิดหน้าต่าง
LEADER : 00000nam 2200000uu 4500
001    13399109241
003     ULIB
008    110324s2543||||th 000 0 tha d
020    9742932913
060 04 WA540JT3^bจ158ม 2543
100 0  จรัส สุวรรณเวลา
245 10 มุมมองใหม่ระบบสุขภาพ /^cจรัส สุวรรณเวลา
250    พิมพ์ครั้งที่ 1
260    กรุงเทพฯ :^bสถาบันวิจัยระบบสาธารณสุข,^c2543
300    60 หน้า. ;^c21 ซม.
490 0  ชุดปฏิรูประบบสุขภาพ
650  2 Health
650  2 Public Health
650  7 อนามัย
650  7 การบริหารโรงพยาบาล
650  7 สาธารณสุข
710 2  สถาบันวิจัยระบบสาธารณสุข
945    ^p60^l0^i013016
995    ทศพร
999 ^a ใช้งานได้ทุกระบบ
รายการนี้ยังไม่มีแท็ก
คุณยังไม่ได้ล็อกอิน คุณสามารถมีกิจกรรมร่วมกับเว็บไซต์ได้ แต่ต้องล็อกอินก่อน ::
  ล็อกอิน

รายการสื่อสารสนเทศ

ลำดับที่ ประเภท เลขเรียก/บาร์โค้ด สถานที่ สถานะ
- ไม่พบข้อมูล -

รายการใกล้เคียง
    ผู้แต่ง [จรัส สุวรรณเวลา]

    หัวเรื่อง [Health]
    หัวเรื่อง [Public Health]
    หัวเรื่อง [อนามัย]
    หัวเรื่อง [การบริหารโรงพยาบาล]
    หัวเรื่อง [สาธารณสุข]

BibComment


ยังไม่เคยถูกคอมเมนท์

คอมเมนท์ทรัพยากรรายการนี้
  คอมเมนท์: มุมมองใหม่ระบบสุข..


 Copyright 2026. Bcnsprnw @Library